Word Ladder: Months Quiz Stats

 Plays Quiz Updated Aug 14, 2017

Score 0/24 Timer 03:00
1 Play Today
Clue 4-Letter Word % Correct
The sixth month •JUNE•
99.7%
The seventh month•JULY•
97%
The melody of a songTUNE
94.9%
Not on time LATE
92%
The ninth month (abbr.)•SEPT.•
91%
DisrespectfulRUDE
90.3%
Ice cream does this in the sun MELT
90%
Bugs in the hair LICE
88.1%
Brand of Miller beerLITE
86.6%
Former NY Mayor GiulianiRUDY
85.1%
One may be 'copped''TUDE
82.7%
A fermented drink made from barley MALT
80.1%
Clue 4-Letter Word % Correct
Shoe tierLACE
79.9%
Well-behavedRULY
79.6%
Blume of YA literatureJUDY
79.5%
Zack's 'Suite Life' brotherCODY
77.7%
Program a computerCODE
77.3%
A heavy weapon or club MACE
76.2%
Like a bull or coltMALE
75.7%
Put goods onto a shipLADE
70%
Former 2nd baseman ReedJODY
68.9%
A valuable bit of oreLODE
68.5%
SavedKEPT
62.5%
A salmon that has spawnedKELT
59.5%

Today's Daily Dose

Missing Word
Arizona A-Z

Word Ladder
Greek Letters II

Get the Picture
US National Parks

You're not logged in!

Compare scores with friends on all Sporcle quizzes.
OR
Log In

You Might Also Like...

Show Comments

Extras

Top Quizzes Today


Score Distribution

Your Account Isn't Verified!

In order to create a playlist on Sporcle, you need to verify the email address you used during registration. Go to your Sporcle Settings to finish the process.

Report this User

Report this user for behavior that violates our Community Guidelines.

Details: